000
00257nam a2200109Ia 4500
008
220204s9999 xx 000 0 und d
082
_a
82-3
_b
SIM
100
_a
Simmons, Geoffrey S
245
4
_a
The Z papers
260
_a
New York
_b
Bantam
_c
1977
942
_c
BK
999
_c
30937
_d
30937